Seas of the World - Statistics

General Stats
  • This quiz has been taken 1,312 times
  • The average score is 11 of 13
Answer Stats
Bordering Countries Ocean/Sea % Correct
United States, Canada, Brazil, Argentina, Morocco, Spain, Portugal Atlantic Ocean
96%
United States, Canada, Mexico, Chile, China, Japan, Philippines Pacific Ocean
96%
India, Australia, Indonesia, Madagascar, Somalia, Kenya, Sri Lanka Indian Ocean
91%
Ukraine, Turkey, Russia, Bulgaria, Romania, Georgia Black Sea
87%
United States, Canada, Russia, Norway Arctic Ocean
83%
Saudi Arabia, Yemen, Eritrea, Egypt, Sudan Red Sea
83%
Morocco, Algeria, Tunisia, Libya, Egypt, Italy, France, Spain, Greece Mediterranean Sea
82%
Poland, Sweden, Russia, Lithuania, Latvia, Estonia Baltic Sea
81%
Jamaica, Cuba, Haiti, Dominican Republic, Venezuela, Colombia, Panama Caribbean Sea
79%
Chile, Argentina, South Africa, New Zealand Southern Ocean
77%
Italy, Albania, Montenegro, Croatia Adriatic Sea
74%
China, Philippines, Taiwan, Vietnam, Malaysia South China Sea
74%
Russia, Alaska Bering Sea
72%
No matching quizzes found
Score Distribution
Percent of People with Each Score
Percentile by Number Answered
Your Score History
You have not taken this quiz